<?xml version="1.0" encoding="UTF-8"?>
<record
    xmlns:xsi="http://www.w3.org/2001/XMLSchema-instance"
    xsi:schemaLocation="http://www.loc.gov/MARC21/slim http://www.loc.gov/standards/marcxml/schema/MARC21slim.xsd"
    xmlns="http://www.loc.gov/MARC21/slim">

  <leader>00658nam a22001937a 4500</leader>
  <controlfield tag="005">20260225153637.0</controlfield>
  <controlfield tag="008">260225b        |||||||| |||| 00| 0 eng d</controlfield>
  <datafield tag="020" ind1=" " ind2=" ">
    <subfield code="a">978-0-12-800645-0</subfield>
  </datafield>
  <datafield tag="050" ind1=" " ind2=" ">
    <subfield code="a">T 385 .P 493 2017</subfield>
  </datafield>
  <datafield tag="100" ind1=" " ind2=" ">
    <subfield code="a">PHARR, MATT</subfield>
  </datafield>
  <datafield tag="245" ind1=" " ind2=" ">
    <subfield code="a">PHYSICALLY BASED RENDERING FROM THEORY TO IMPLEMENTATION</subfield>
  </datafield>
  <datafield tag="250" ind1=" " ind2=" ">
    <subfield code="a">3</subfield>
  </datafield>
  <datafield tag="260" ind1=" " ind2=" ">
    <subfield code="a">AMSTERDAM,</subfield>
    <subfield code="b">ELSEVIER MORGAN KAUFMANN PUBLISHERS,</subfield>
    <subfield code="c">2017,</subfield>
  </datafield>
  <datafield tag="300" ind1=" " ind2=" ">
    <subfield code="a">XXiX, 1233 P, ILL</subfield>
  </datafield>
  <datafield tag="500" ind1=" " ind2=" ">
    <subfield code="a">INCLUDES BIBLIOGRAPHICAL REFERENCES</subfield>
  </datafield>
  <datafield tag="650" ind1=" " ind2=" ">
    <subfield code="a">Computer graphics, Three-dimensional display systems, Image processing-Digital techniques</subfield>
  </datafield>
  <datafield tag="700" ind1=" " ind2=" ">
    <subfield code="a">JACOB WENZEL, HUMPREYS GREG</subfield>
  </datafield>
  <datafield tag="942" ind1=" " ind2=" ">
    <subfield code="2">lcc</subfield>
    <subfield code="c">BK</subfield>
  </datafield>
  <datafield tag="999" ind1=" " ind2=" ">
    <subfield code="c">216669</subfield>
    <subfield code="d">216669</subfield>
  </datafield>
  <datafield tag="952" ind1=" " ind2=" ">
    <subfield code="0">0</subfield>
    <subfield code="1">0</subfield>
    <subfield code="2">lcc</subfield>
    <subfield code="4">0</subfield>
    <subfield code="6">T0385 P493  02017</subfield>
    <subfield code="7">0</subfield>
    <subfield code="8">SCT</subfield>
    <subfield code="9">375554</subfield>
    <subfield code="a">KSUL</subfield>
    <subfield code="b">KSUL</subfield>
    <subfield code="c">DISPLAY</subfield>
    <subfield code="d">2026-02-25</subfield>
    <subfield code="i">112007</subfield>
    <subfield code="l">0</subfield>
    <subfield code="o">T 385 .P 493 2017</subfield>
    <subfield code="p">000000022539</subfield>
    <subfield code="r">2026-02-25 15:43:16</subfield>
    <subfield code="t">1</subfield>
    <subfield code="w">2026-02-25</subfield>
    <subfield code="y">BK</subfield>
  </datafield>
  <datafield tag="952" ind1=" " ind2=" ">
    <subfield code="0">0</subfield>
    <subfield code="1">0</subfield>
    <subfield code="2">lcc</subfield>
    <subfield code="4">0</subfield>
    <subfield code="6">T0385 P493  02017</subfield>
    <subfield code="7">0</subfield>
    <subfield code="8">SCT</subfield>
    <subfield code="9">375572</subfield>
    <subfield code="a">KSUL</subfield>
    <subfield code="b">KSUL</subfield>
    <subfield code="c">DISPLAY</subfield>
    <subfield code="d">2026-02-25</subfield>
    <subfield code="i">112008</subfield>
    <subfield code="l">0</subfield>
    <subfield code="o">T 385 .P 493 2017</subfield>
    <subfield code="p">000000018032</subfield>
    <subfield code="r">2026-02-25 15:58:44</subfield>
    <subfield code="t">2</subfield>
    <subfield code="w">2026-02-25</subfield>
    <subfield code="y">BK</subfield>
  </datafield>
  <datafield tag="952" ind1=" " ind2=" ">
    <subfield code="0">0</subfield>
    <subfield code="1">0</subfield>
    <subfield code="2">lcc</subfield>
    <subfield code="4">0</subfield>
    <subfield code="6">T0385 P493  02017</subfield>
    <subfield code="7">0</subfield>
    <subfield code="8">SCT</subfield>
    <subfield code="9">375575</subfield>
    <subfield code="a">KSUL</subfield>
    <subfield code="b">KSUL</subfield>
    <subfield code="c">DISPLAY</subfield>
    <subfield code="d">2026-02-25</subfield>
    <subfield code="i">112009</subfield>
    <subfield code="l">0</subfield>
    <subfield code="o">T 385 .P 493 2017</subfield>
    <subfield code="p">000000018028</subfield>
    <subfield code="r">2026-02-25 15:58:00</subfield>
    <subfield code="t">3</subfield>
    <subfield code="w">2026-02-25</subfield>
    <subfield code="y">BK</subfield>
  </datafield>
  <datafield tag="952" ind1=" " ind2=" ">
    <subfield code="0">0</subfield>
    <subfield code="1">0</subfield>
    <subfield code="2">lcc</subfield>
    <subfield code="4">0</subfield>
    <subfield code="6">T0385 P493  02017</subfield>
    <subfield code="7">0</subfield>
    <subfield code="8">SCT</subfield>
    <subfield code="9">375576</subfield>
    <subfield code="a">KSUL</subfield>
    <subfield code="b">KSUL</subfield>
    <subfield code="c">DISPLAY</subfield>
    <subfield code="d">2026-02-25</subfield>
    <subfield code="i">112010</subfield>
    <subfield code="l">0</subfield>
    <subfield code="o">T 385 .P 493 2017</subfield>
    <subfield code="p">000000018029</subfield>
    <subfield code="r">2026-02-25 15:58:00</subfield>
    <subfield code="t">4</subfield>
    <subfield code="w">2026-02-25</subfield>
    <subfield code="y">BK</subfield>
  </datafield>
  <datafield tag="952" ind1=" " ind2=" ">
    <subfield code="0">0</subfield>
    <subfield code="1">0</subfield>
    <subfield code="2">lcc</subfield>
    <subfield code="4">0</subfield>
    <subfield code="6">T0385 P493  02017</subfield>
    <subfield code="7">0</subfield>
    <subfield code="8">SCT</subfield>
    <subfield code="9">375580</subfield>
    <subfield code="a">KSUL</subfield>
    <subfield code="b">KSUL</subfield>
    <subfield code="c">DISPLAY</subfield>
    <subfield code="d">2026-02-25</subfield>
    <subfield code="i">112011</subfield>
    <subfield code="l">0</subfield>
    <subfield code="o">T 385 .P 493 2017</subfield>
    <subfield code="p">000000018030</subfield>
    <subfield code="r">2026-02-25 15:58:00</subfield>
    <subfield code="t">5</subfield>
    <subfield code="w">2026-02-25</subfield>
    <subfield code="y">BK</subfield>
  </datafield>
</record>
